#2 PB152 - Virtualizace procesoru - Statistics

General Stats
  • This quiz has been taken 10 times
  • The average score is 13 of 30
Answer Stats
Hint Answer % Correct
Fronty, které umožňují preferovat některá vlákna Prioritní
100%
Procesor vykonává instrukce, čím realizuje: Výpočet
100%
Zamezení přesunů vláken na jiný fyzický procesor Afinita vlákna
67%
Zásobník typického programu je složen z: Aktivačních záznamů
67%
Forma prioritního plánování, kde priorita je inverzní hodnota dosud použitého výpočetního času Férové plánování
67%
Delší kvantum má negativní vliv na: Latenci
67%
Procesor, který má stav, který sestává právě z hodnot registrů, a který mění vykonáváním instrukcí a nijak jinak Logický procesor
67%
Minimální čas, kdy aktivní vlákno běží, i v případě, že další naplánované vlákno má vyšší prioritu Plánovací kvantum
67%
Část jádra operačního systému, která je odpovědná za přidělování procesorů vláknům Plánovač vláken
67%
Pomocný, vnořený program Podprogram
67%
Registr, který obsahuje virtuální adresu právě vykonávané instrukce, a který rozhoduje o tom, která instrukce se má vykonat Programový čítač
67%
Delší kvantum má pozitivní vliv na: Propustnost
67%
Sestává z hodnot uložených v aritmetických registrech, hodnoty programového čítače a hodnoty ukazatele zásobníku Stav procesoru
67%
Interakce výpočtů, změna v návaznosti na nějakou externí událost Synchronizace
67%
Realizace několik logických procesorů pomocí jednoho fyzického Virtualizace procesoru
67%
Výpočet, který vznikne nepřerušenou činností jednoho procesoru, který je po celou dobu řízen jedním programem Vlákno
67%
Sčítání, odečítání, násobení a dělení Aritmetika
33%
Elementární příkaz strojového kódu Instrukce
33%
Množina příbuzných instrukcí Operace
33%
Každé vlákno má, ze svého vlastního pohledu, pomyslný vlastní: Procesor
33%
Postup od vstupů k požadovaným výstupům vhodnou manipulací stavu Výpočet
33%
Součást stavu vlákna, LIFO Zásobník
33%
Provádí aritmetické a logické instrukce Aritmeticko-logická jednotka
0%
and, or, xor po bitech, bitové posuvy Bitové operace
0%
Elementární změna stavu Efekt instrukce
0%
Základní pracovní nástroj plánovače Fronta úloh
0%
Volá pomocné funkce Hardwarový zásobník
0%
Registry nejsou složené z bajtů, daný registr obsahuje celé slovo, reprezentace čísla v registru je tedy: Monolitická
0%
Práce/čas Propustnost
0%
Instrukce uložené v paměti, určuje co bude program počítat Text programu
0%
No matching quizzes found
Score Distribution
Percent of People with Each Score
Percentile by Number Answered
Your Score History
You have not taken this quiz